[Event "Gausdal Int"]
[Site "Gausdal"]
[Date "1981.??.??"]
[Round "1"]
[White "Cramling, Dan"]
[Black "Kaiszauri, Konstanty"]
[Result "1/2-1/2"]
[WhiteElo "2380"]
[BlackElo "2360"]

1.d4 Nf6 2.Nf3 e6 3.c4 Bb4+ 4.Bd2 Qe7 5.g3 b6 6.Bg2 Bb7 7.O-O Bxd2 8.Qxd2 O-O
9.Nc3 Ne4 10.Nxe4 Bxe4 11.Qf4 d5 12.cxd5 exd5 13.Rac1 c5 14.dxc5 bxc5 15.Qe5 Qd8
16.Ne1 Nc6 17.Qh5 g6 18.Qg4 Re8 19.e3 Qa5 20.Qe2 Rab8 21.a3 d4 22.Bxe4 Rxe4
23.Qd3 Re6 24.exd4 Nxd4 25.b4 Qa6 26.Rxc5 Qxd3 27.Nxd3 Ra6 28.Rc7 Rxa3 29.Ne5 Nf3+
30.Nxf3 Rxf3 31.Rb1 Ra3 32.Kg2 Rb5 33.Rb2 a5 34.Rc5 Rxb4 35.Rxa5 Rxb2 36.Rxa3  1/2-1/2

[Event "Gausdal Int"]
[Site "Gausdal"]
[Date "1981.??.??"]
[Round "2"]
[White "Schussler, Harry"]
[Black "Ogaard, Leif"]
[Result "0-1"]
[WhiteElo "2495"]
[BlackElo "2470"]

1.d4 Nf6 2.Nf3 e6 3.c4 Bb4+ 4.Bd2 Qe7 5.g3 O-O 6.Bg2 Bxd2+ 7.Qxd2 d6 8.Nc3 e5
9.O-O Re8 10.e4 Bg4 11.d5 a5 12.Ne1 Na6 13.Nd3 c6 14.b3 cxd5 15.exd5 Bf5
16.Rfe1 Qd7 17.f4 exf4 18.Nxf4 Nc5 19.h3 h6 20.Kh2 Be4 21.Nxe4 Nfxe4 22.Qd4 Qf5
23.Bxe4 Nxe4 24.Re2 Ng5 25.Qf2 Re4 26.Rae1 Rae8 27.Rxe4 Rxe4 28.Rxe4 Qxe4
29.Qe2 Qd4 30.Kg2 Ne4 31.h4 g6 32.Kf3 Nd2+ 33.Kg2 Ne4 34.Kf3 Nc5 35.Qe3 Qf6
36.Kg2 Qb2+ 37.Kh3 Qb1 38.Qe8+ Kg7 39.Qe7 Qh1+ 40.Kg4 h5+ 41.Nxh5+ gxh5+
42.Kxh5 Qf3+  0-1

[Event "EU-ch U20"]
[Site "Groningen"]
[Date "1981.??.??"]
[Round "13"]
[White "Delaney, John"]
[Black "Sokolov, Andrei"]
[Result "1-0"]
[WhiteElo "2205"]
[BlackElo "2375"]

1.Nf3 e6 2.c4 Nf6 3.d4 Bb4+ 4.Bd2 a5 5.a3 Be7 6.Nc3 O-O 7.d5 exd5 8.cxd5 Re8
9.e4 c6 10.Be2 Bf8 11.O-O d6 12.h3 Nbd7 13.Qc2 Nc5 14.Bg5 h6 15.Be3 Ncxe4
16.Nxe4 Rxe4 17.dxc6 bxc6 18.Nd2 Re7 19.Qxc6 Bb7 20.Qa4 Nd5 21.Nc4 Nxe3 22.Nxe3 Qb6
23.Qb5 Qa7 24.Rad1 Rae8 25.Bc4 Re5 26.Nd5 Rc8 27.b4 a4 28.Rd3 Qa8 29.Rfd1 Rc6
30.Rd4 Qc8 31.f4 Re8 32.Ba2 Rc2 33.Rc4 Rxc4 34.Qxc4 Qf5 35.g4 Qe6 36.Qd3 Qe2
37.Rd2 Qxd3 38.Rxd3 Re2 39.Nc3 Rg2+ 40.Kf1 Rh2 41.Bd5 Bxd5 42.Nxd5 Rb2 43.f5 g6
44.f6 Rb1+ 45.Kf2 Rb2+ 46.Ke3  1-0

[Event "Hastings8182"]
[Site "Hastings"]
[Date "1981.??.??"]
[Round "2"]
[White "Ree, Hans"]
[Black "Smyslov, Vassily"]
[Result "1/2-1/2"]
[WhiteElo "2510"]
[BlackElo "2580"]

1.d4 Nf6 2.c4 e6 3.Nf3 Bb4+ 4.Bd2 a5 5.Nc3 O-O 6.e3 d6 7.Qc2 Nbd7 8.a3 Bxc3
9.Bxc3 Qe7 10.b4 axb4 11.axb4 Rxa1+ 12.Bxa1 b6 13.Be2 Bb7 14.O-O Ra8 15.Nd2 c5
16.Bc3 e5 17.bxc5 bxc5 18.dxe5 Nxe5 19.Ra1 Rxa1+ 20.Bxa1 Bc6 21.Qb3 Qa7 22.Bc3 Nfd7
23.Nf1 Qb7 24.Qxb7 Bxb7 25.f4 Ng6 26.Nd2  1/2-1/2

[Event "Hastings8182"]
[Site "Hastings"]
[Date "1981.??.??"]
[Round "10"]
[White "Ree, Hans"]
[Black "Taulbut, Shaun M"]
[Result "1/2-1/2"]
[WhiteElo "2510"]
[BlackElo "2420"]

1.d4 Nf6 2.c4 e6 3.Nf3 Bb4+ 4.Bd2 Qe7 5.g3 Nc6 6.Bg2 Bxd2+ 7.Nbxd2 d6 8.e4 O-O
9.O-O a5 10.d5 Nb8 11.Ne1 c6 12.Nd3 e5 13.f4 Na6 14.Qf3 Bd7 15.Rac1 b6 16.fxe5 dxe5
17.Qe3 Ng4 18.Qe2 Nc5 19.Nxc5 Qxc5+ 20.Kh1 a4 21.a3 Rac8 22.Rc3 Qd6 23.h3 Nh6
24.Rfc1 c5 25.g4 f6 26.Nf1 Nf7 27.Ne3  1/2-1/2

[Event "Hastings8182"]
[Site "Hastings"]
[Date "1981.??.??"]
[Round "12"]
[White "Rivas Pastor, Manuel"]
[Black "Taulbut, Shaun M"]
[Result "1/2-1/2"]
[WhiteElo "2470"]
[BlackElo "2420"]

1.d4 Nf6 2.c4 e6 3.Nf3 Bb4+ 4.Bd2 Qe7 5.g3 Nc6 6.Bg2 Bxd2+ 7.Nbxd2 d6 8.O-O O-O
9.e4 a5 10.d5 Nb8 11.dxe6 Bxe6 12.e5 dxe5 13.Nxe5 c6 14.Re1 Rd8 15.Qc2 Na6
16.Ndf3 h6 17.a3 Nc5 18.b4 axb4 19.axb4 Na6 20.b5 cxb5 21.cxb5 Nb4 22.Qb2 Rxa1
23.Rxa1 Qd6 24.Re1 Qc5 25.Bf1 Qd6 26.Rb1 Nbd5 27.Qd4 Rc8 28.Nc4 Qc5 29.Qxc5 Rxc5
30.Nd4 Bd7 31.Na5 b6 32.Nac6 g6 33.Ra1 Nc7 34.Ra7 Ne6 35.Kg2 Nxd4 36.Nxd4 Rd5
37.Nc6 Rc5 38.Nd4 Rd5 39.Nc6 Rc5  1/2-1/2

[Event "Helsinki"]
[Site "Helsinki"]
[Date "1981.??.??"]
[Round "6"]
[White "Schmidt, Wlodzimierz"]
[Black "Raaste, Eero J"]
[Result "1/2-1/2"]
[WhiteElo "2495"]
[BlackElo "2390"]

1.d4 Nf6 2.c4 e6 3.Nf3 Bb4+ 4.Bd2 Qe7 5.g3 O-O 6.Bg2 Bxd2+ 7.Qxd2 d6 8.Nc3 e5
9.O-O Re8 10.e4 a5 11.d5 Na6 12.Rab1 Nc5 13.Ne1 g6 14.Nd3 Nxd3 15.Qxd3 Nh5
16.Rbe1 Qg5 17.Nb5 Re7 18.Qc3 b6 19.f4 exf4 20.Qd2 Ba6 21.gxf4 Qh4 22.e5 Bxb5
23.cxb5 Rae8 24.Re4 Nf6 25.Rd4 Ng4 26.Bf3 h5 27.e6 Kh7 28.Rc4 fxe6 29.dxe6  1/2-1/2

[Event "Keszthely"]
[Site "Keszthely"]
[Date "1981.??.??"]
[Round "9"]
[White "Chandler, Murray G"]
[Black "Knezevic, Milorad"]
[Result "1/2-1/2"]
[WhiteElo "2455"]
[BlackElo "2455"]

1.d4 Nf6 2.c4 e6 3.Nf3 Bb4+ 4.Bd2 c5 5.Bxb4 cxb4 6.Nbd2 O-O 7.e4 d6 8.Be2 Nbd7
9.Qb3 a5 10.a3 bxa3 11.Qxa3 Qc7 12.O-O b6 13.Bd1 e5 14.Ba4 Rd8 15.Rac1 exd4
16.Nxd4 Nc5 17.Bc6 Bb7 18.Bxb7 Qxb7 19.f3 Ne6 20.Nb5 Qc6 21.Nb3 a4 22.N3d4 Nxd4
23.Nxd4 Qc5 24.Rfd1 Ne8 25.Qxc5 dxc5 26.Nb5 Kf8 27.Kf2 Ke7 28.Ke2 Nd6 29.Nc7 Rab8
30.Rc2 Rd7 31.Nd5+ Kd8 32.Ne3 Nc8 33.Ra1 Ra7 34.Rd2+ Ke7 35.Nd1 b5 36.Rd5 bxc4
37.Rxc5 Nb6 38.Nc3 Nd7 39.Rb5 Rba8 40.Rb4 a3 41.Nb5 Ra4 42.Rxa4 Rxa4 43.bxa3 Nc5
44.Nc3 Ra6 45.a4 Rh6 46.h3 Rg6 47.g4 Rh6 48.a5 Nb3 49.Ra4 Ra6 50.Rxc4 Rxa5
51.Rc8 Kd7 52.Rg8 Nd4+ 53.Ke3 Ne6 54.f4 Ra3 55.Kd2 Nxf4 56.Rxg7 Nxh3 57.Rxf7+ Ke6
58.Rxh7 Nf2 59.Rg7 Kf6 60.Rg8 Kf7 61.Rg5 Ke6 62.Ke2 Nxg4 63.Nd5 Ra2+ 64.Kf3 Ne5+
65.Kf4 Rf2+ 66.Ke3 Rf3+ 67.Ke2  1/2-1/2

[Event "Lone Pine op"]
[Site "Lone Pine"]
[Date "1981.??.??"]
[Round "?"]
[White "Christiansen, Larry Mark"]
[Black "Larsen, Bent"]
[Result "1/2-1/2"]
[WhiteElo "2515"]
[BlackElo "2610"]

1.d4 Nf6 2.c4 e6 3.Nf3 Bb4+ 4.Bd2 a5 5.g3 b6 6.Bg2 Bb7 7.O-O O-O 8.Bf4 Be7
9.Nc3 Ne4 10.Rc1 d6 11.Ne1 Nxc3 12.Rxc3 Bxg2 13.Nxg2 Bf6 14.Be3 Nc6 15.Nf4 Nxd4
16.Bxd4 Bxd4 17.Qxd4 e5 18.Qe4 exf4 19.Qxf4 Qd7 20.Qd2 Rae8 21.c5 Qb5 22.cxd6 Rxe2
23.Qd1 cxd6 24.Rb3 Qe5 25.Rxb6 Rd8 26.Qb3 h5 27.Rb7 Qf6 28.Qc3 Qxc3 29.bxc3 Rxa2
30.Re1 h4 31.Kg2 Rc8 32.gxh4 Ra4 33.Ree7 Rf4 34.Kg3 Rf5 35.Re3 Rfc5 36.Ree7 Rxc3+
37.f3 Rf8 38.Ra7 Rc5 39.Red7 Rd5 40.Kf4 g6 41.h5 Rxh5 42.Rxd6 Rf5+ 43.Kg4 Rb8
44.Rd4 Rb1 45.f4 Rg1+ 46.Kf3 Ra1 47.Kg3 Kg7 48.Re4 Ra3+ 49.Kg4 Rf6 50.Rd4 Kh6
51.Rc4 Rf5 52.Ra8 Ra2 53.h3 Ra1 54.Rd4 Kg7 55.Ra7 Kh6 56.Ra8 Rb5 57.Rd3 a4
58.Ra7 Kg7 59.Rdd7 Rf5 60.Rd4 a3 61.Rda4 Rf1 62.Rxa3 R5xf4+ 63.Kg3 Kh6 64.R7a4 Rf5
65.Rd3 Rg1+ 66.Kh2 Rb1 67.Rd2 Rb3 68.Rh4+ Kg7 69.Kg2 Rff3 70.Kh2 Ra3 71.Rg2 Rfb3
72.Re2 g5 73.Rg2 f6 74.Rh5 Rb8 75.Rh4 Rb1 76.Rc4 Rbb3 77.Rh4 Rc3 78.Rh5 Rc4
79.h4 g4 80.Rb2 Rcc3 81.Rd5 Rh3+ 82.Kg2 Kg6 83.Rb4 Ra2+ 84.Kg1 Rg3+ 85.Kh1 Rf2
86.h5+ Kh6 87.Rd8 Rfg2 88.Rb1 Ra2 89.Rg8 Rh3+ 90.Kg1 Rg3+ 91.Kh1 Ra6 92.Rb5 Kh7
93.Rc8 Ra1+ 94.Kh2 Rh3+ 95.Kg2 Ra2+ 96.Kg1 Rg3+ 97.Kh1 Re3 98.Rc1 Rf3 99.Kg1 Kh6
100.Rf1 Raa3 101.Rf5 Rg3+ 102.Kh2 Kg7 103.h6+ Kh7 104.Rxf6 Rh3+ 105.Kg2 Rag3+
106.Kf2 Rc3 107.Kg2  1/2-1/2

[Event "POL-chT"]
[Site "Lubniewice"]
[Date "1981.??.??"]
[Round "2"]
[White "Sarwinski, Miroslaw"]
[Black "Marcinkowski, Kazimierz"]
[Result "1/2-1/2"]
[WhiteElo "2245"]
[BlackElo "2250"]

1.d4 Nf6 2.c4 e6 3.Nf3 Bb4+ 4.Bd2 c5 5.Bxb4 cxb4 6.e3 O-O 7.Bd3 d6 8.O-O Re8
9.a3 bxa3 10.Rxa3 Nc6 11.Nc3 e5 12.d5 Nb4 13.Bb1 Bg4 14.Qa4 a5 15.Nd2 Nd7
16.f3 Nc5 17.Qd1 Bc8 18.Nde4 Nxe4 19.Nxe4 f5 20.Nc3 Bd7 21.f4 e4 22.Ne2 b5
23.b3 Qc7 24.Qd2 Qc5 25.Qd4 Rec8 26.Rc1 Nd3 27.Qxc5 Rxc5 28.Bxd3 exd3 29.Nd4 a4
30.Kf2 Rac8 31.Rd1 bxc4 32.bxc4 Rxc4 33.Rdxd3 R8c5 34.Ne6 Bxe6 35.dxe6 d5
36.Rd2 Kf8 37.Rad3 Ke7 38.Rxd5 Rxd5 39.Rxd5 Kxe6 40.Ra5 Rc2+ 41.Kf3 Ra2 42.Ra7 Kf6
43.h3 h5 44.g4 hxg4+ 45.hxg4 fxg4+ 46.Kxg4 Ra1 47.Ra6+ Kf7 48.Kf5 a3 49.Ra7+ Kg8
50.e4 a2 51.e5 g6+ 52.Ke6 Rf1 53.Rxa2 Rxf4 54.Ke7 Kg7 55.e6 Rb4 56.Ra7 Rb8
57.Kd6+ Kf8 58.Ke5 Rb1  1/2-1/2

[Event "POL-chT"]
[Site "Lubniewice"]
[Date "1981.??.??"]
[Round "4"]
[White "Grabczynska, H."]
[Black "Szymanska, J."]
[Result "1/2-1/2"]
[WhiteElo "1955"]
[BlackElo "1915"]

1.d4 Nf6 2.c4 e6 3.Nf3 Bb4+ 4.Bd2 a5 5.a3 Be7 6.Nc3 d5 7.g3 O-O 8.Bg2 c6
9.c5 Nbd7 10.O-O Ne4 11.Nxe4 dxe4 12.Ne1 f5 13.f3 e5 14.Bc3 f4 15.fxe4 fxg3
16.hxg3 exd4 17.Bxd4 Nxc5 18.Rxf8+ Qxf8 19.Nd3 Be6 20.Nf4 Bb3 21.Qd2 Bf7
22.Bxc5 Bxc5+ 23.e3 Qd8 24.Qc3 Qb6 25.Kf2 Rf8 26.Rh1 g5 27.Nh3 Bh5+ 28.Ke1 Bxe3
29.Bf1 Bf2+ 30.Kd2 Rd8+ 31.Kc2 Bd4 32.Bc4+ Kg7 33.Qb3 Bg6 34.Nxg5 Re8 35.Qxb6 Bxb6
36.Kd3 Rd8+ 37.Ke2 Re8 38.Kd3 Rd8+ 39.Ke2 Re8 40.Kd3 Rd8+  1/2-1/2

[Event "Lvov"]
[Site "Lvov"]
[Date "1981.??.??"]
[Round "2"]
[White "Mascarinas, Rico"]
[Black "Rashkovsky, Nukhim N"]
[Result "1/2-1/2"]
[WhiteElo "2400"]
[BlackElo "2535"]

1.d4 Nf6 2.c4 e6 3.Nf3 Bb4+ 4.Bd2 Qe7 5.a3 Bxd2+ 6.Qxd2 d6 7.Nc3 O-O 8.e3 e5
9.Be2 e4 10.Ng1 Re8 11.Bd1 c6 12.Nge2 Nbd7 13.O-O Nf8 14.d5 Ng6 15.Ng3 Nh4
16.dxc6 bxc6 17.Nce2 Ba6 18.Rc1 Ng6 19.Nd4 Qc7 20.Be2 Rad8 21.Rfd1 Re5 22.b4 h5
23.Nb5 Qb8 24.Nd4 Bb7 25.c5 h4 26.Ngf5 dxc5 27.Rxc5 a5 28.h3 axb4 29.axb4 Bc8
30.Bg4 Bxf5 31.Bxf5 Rxc5 32.bxc5 Ne7 33.Bg4 Qe5 34.Be2 Qxc5 35.Rc1 Qe5 36.Qc3 Nfd5
37.Qc5 Rd6 38.Nb3 Rg6 39.Qd4 Qe6 40.Bg4 f5 41.Nc5 Qf6 42.Qxf6 Rxf6 43.Bd1 Rf8
44.Ne6 Rc8 45.Bb3 Kf7 46.Nd4 Kf6 47.Bxd5 cxd5 48.Rb1 g6 49.Kf1 Kf7  1/2-1/2

[Event "Lvov"]
[Site "Lvov"]
[Date "1981.??.??"]
[Round "3"]
[White "Dorfman, Josif D"]
[Black "Savon, Vladimir A"]
[Result "1/2-1/2"]
[WhiteElo "2505"]
[BlackElo "2490"]

1.d4 Nf6 2.c4 e6 3.Nf3 Bb4+ 4.Bd2 Qe7 5.g3 Nc6 6.Bg2 Bxd2+ 7.Nbxd2 d6 8.O-O O-O
9.e4 e5 10.d5 Nb8 11.Ne1 a5 12.a3 a4 13.Nd3 Nbd7 14.Qc2 Nc5 15.Nxc5 dxc5
16.f4 Re8 17.Rae1 Nd7 18.Nf3 f6 19.Re3 Nb6 20.Ne1 Bd7  1/2-1/2

[Event "Lvov"]
[Site "Lvov"]
[Date "1981.??.??"]
[Round "9"]
[White "Meduna, Eduard"]
[Black "Rashkovsky, Nukhim N"]
[Result "0-1"]
[WhiteElo "2450"]
[BlackElo "2535"]

1.d4 Nf6 2.c4 e6 3.Nf3 Bb4+ 4.Bd2 Qe7 5.g3 Nc6 6.Bg2 Bxd2+ 7.Nbxd2 a5 8.O-O d6
9.e4 e5 10.d5 Nb8 11.Ne1 h5 12.Nc2 h4 13.Ne3 g6 14.b3 Na6 15.a3 Kf8 16.b4 Kg7
17.Nb3 b6 18.Nc1 Bd7 19.Nd3 Rh7 20.Ra2 Rah8 21.f4 hxg3 22.hxg3 Bh3 23.fxe5 dxe5
24.Qf3 Bxg2 25.Rxg2 axb4 26.axb4 Rh1+ 27.Kf2 Nxb4 28.Ne1 Qc5 29.Rgg1 R1h7
30.Ke2 Qe7 31.Rf2 Ra8 32.Kf1 Na6 33.Kg2 Nc5 34.Re2 Ra1 35.Kf1 Ncxe4 36.Ng4 Nxg4
37.Qxg4 Nf6 38.Qg5 Rh5  0-1

[Event "Lvov"]
[Site "Lvov"]
[Date "1981.??.??"]
[Round "13"]
[White "Buturin, Vladimir"]
[Black "Rashkovsky, Nukhim N"]
[Result "1/2-1/2"]
[WhiteElo "2310"]
[BlackElo "2535"]

1.d4 Nf6 2.Nf3 e6 3.c4 Bb4+ 4.Bd2 Qe7 5.g3 Nc6 6.Nc3 d5 7.cxd5 exd5 8.Bg2 O-O
9.O-O Bg4 10.Bg5 Rad8 11.h3 Bh5 12.g4 Bg6 13.Rc1 h6 14.Bh4 Be4 15.a3 Bd6
16.Nb5 g5 17.Nxd6 cxd6 18.Bg3 Ne8 19.Ne1 f5 20.f3 f4 21.Bf2 Bg6 22.Nc2 Ng7
23.Re1 Qf7 24.Nb4 Nxb4 25.axb4 Qd7 26.e4 fxe3 27.Rxe3 Ne6 28.Bg3 Nf4 29.Qb3 Qg7
30.Rd1 Rc8 31.Bxf4 gxf4 32.Rc3 Bf7 33.Qc2 Rxc3 34.bxc3 Re8 35.Qd2 Re3 36.Re1 Qg5
37.Kf2 Qh4+ 38.Kf1 Qg5 39.Kf2 Qh4+ 40.Kf1 Qg5  1/2-1/2

[Event "Malaga"]
[Site "Malaga"]
[Date "1981.??.??"]
[Round "11"]
[White "Bellon Lopez, Juan Manuel"]
[Black "Calvo Minguez, Ricardo"]
[Result "1/2-1/2"]
[WhiteElo "2415"]
[BlackElo "2410"]

1.d4 Nf6 2.c4 e6 3.Nf3 Bb4+ 4.Bd2 Be7 5.Nc3 d5 6.Qc2 O-O 7.e3 c5 8.cxd5 exd5
9.dxc5 Bxc5 10.Rd1 Nc6 11.Be2 Qe7 12.O-O Bg4 13.Ng5 Be6 14.Na4 Bd6 15.Bc3 g6
16.e4 Nxe4 17.Nxe4 dxe4 18.Qxe4 Bxa2 19.Qf3 Be5 20.Bb5 Bxc3 21.Nxc3 Bb3 22.Rde1 Qc5
23.Bxc6 Qxc6 24.Ne4 Bc2 25.Nf6+ Kg7 26.Qxc6 bxc6 27.Rc1 Bd3 28.Rfd1 Rad8
29.Rxc6 Bb5 30.Rcd6 Rxd6 31.Rxd6 Rc8 32.g4 h6 33.h4 Rc4 34.f3 Rf4 35.g5 Rxh4
36.gxh6+ Rxh6 37.Ne4 Rh5 38.b4 Re5 39.Kf2 Re6 40.Rxe6 fxe6 41.Ke3 Bc6 42.Nd6 Kf6
43.f4 e5 44.fxe5+ Kxe5 45.Nc8 a6 46.Ne7  1/2-1/2

[Event "Ed.Lasker mem"]
[Site "New York"]
[Date "1981.??.??"]
[Round "5"]
[White "Burger, Karl"]
[Black "Lein, Anatoly"]
[Result "1-0"]
[WhiteElo "2405"]
[BlackElo "2485"]

1.d4 Nf6 2.Nf3 e6 3.c4 Bb4+ 4.Bd2 a5 5.Qa4 Na6 6.a3 Bxd2+ 7.Nbxd2 c5 8.e3 b6
9.d5 O-O 10.Bd3 Bb7 11.e4 d6 12.O-O e5 13.Qd1 Bc8 14.Ne1 g6 15.Nc2 Nh5 16.g3 a4
17.Ne3 Bh3 18.Re1 Nc7 19.Nb1 Ng7 20.Nc3 f5 21.Nxa4 f4 22.Ng2 Qf6 23.Bf1 b5
24.cxb5 fxg3 25.fxg3 Nxb5 26.Kh1 Qf2 27.Nb6 Nd4 28.Nh4 Nh5 29.Bxh3 Rab8 30.Nc4 Rb3
31.Rf1 Nxg3+ 32.hxg3 Qxg3 33.Rxf8+ Kxf8 34.Nxg6+ hxg6 35.Qg4 Qxh3+ 36.Qxh3 Rxh3+
37.Kg2 Rb3 38.Rh1 Kg7 39.Rf1 Ne2 40.Rf3 Rb8 41.Kf1 Nd4 42.Rf2 Rd8 43.Kg2 Nb5
44.Kg3 Nc7 45.Kg4 Ne8 46.Kg5 Ra8 47.Rf3 Ra4 48.b3 Ra7 49.a4 Rb7 50.Na5 Rf7
51.Rxf7+ Kxf7 52.Nc4 Ke7 53.Kxg6 Nc7 54.Na5 Na6 55.Nc6+ Kd7 56.Kf5 Kc7 57.Na5 Kd7
58.Kf6 Nb4 59.Nc4 Na6 60.Nb6+ Kc7 61.a5 Nb4 62.Ke6 Nc2 63.Nc4 Nd4+ 64.Ke7 Nxb3
65.a6 Nd4 66.a7 Kb7 67.Kxd6 Nf3 68.Kxc5 Ng5 69.Nd2 Nf7 70.d6 Kxa7 71.Kc6  1-0

[Event "Nis"]
[Site "Nis"]
[Date "1981.??.??"]
[Round "7"]
[White "Sahovic, Dragutin"]
[Black "Nikolic, Zivoslav"]
[Result "1/2-1/2"]
[WhiteElo "2425"]
[BlackElo "2460"]

1.d4 Nf6 2.c4 e6 3.Nf3 Bb4+ 4.Bd2 a5 5.Nc3 d5 6.e3 O-O 7.Bd3 b6 8.O-O dxc4
9.Bxc4 Bb7 10.Qe2 Nbd7 11.Rfd1 Qe7 12.a3 Bxc3 13.Bxc3 Ne4 14.Be1 Nd6 15.Bd3 f5
16.Rac1 Rfc8 17.Bc3 Ne4 18.Nd2 Ndf6 19.Nxe4 fxe4 20.Bc4 Bd5 21.Bxd5 exd5
22.Qb5 Qd6 23.h3 Nd7 24.a4 c6 25.Qe2 Rcb8 26.Be1 b5 27.Qc2 bxa4 28.Qxa4  1/2-1/2

[Event "Nis"]
[Site "Nis"]
[Date "1981.??.??"]
[Round "8"]
[White "Sinadinovic, Andjelko"]
[Black "Nikolic, Zivoslav"]
[Result "1/2-1/2"]
[WhiteElo "2200"]
[BlackElo "2460"]

1.d4 Nf6 2.c4 e6 3.Nf3 Bb4+ 4.Bd2 a5 5.g3 d5 6.Bg2 O-O 7.O-O dxc4 8.Bg5 Be7
9.Qc2 h6 10.Bxf6 Bxf6 11.Qxc4 Nc6 12.e3 e5 13.d5 e4 14.Nd4 Nxd4 15.exd4 b5
16.Qc2 Bxd4 17.Bxe4 f5 18.Bg2 f4 19.Nc3 f3 20.Bh1 Ba6 21.Rfd1 Qf6 22.Rd3 b4
23.Rxf3 Qe5 24.Ne4 Rxf3 25.Bxf3 Rf8 26.Bg2 Bxb2 27.Rb1 Bd4 28.Kh1 Bb6 29.f4 Qd4
30.Rd1 Qc4 31.Qb1 Qe2 32.h3 Bc4 33.Rd2 Qe3 34.Kh2 Rd8 35.h4 Kf8 36.Qd1 b3
37.axb3 Qxb3 38.Qg4 Rxd5 39.Qc8+ Ke7 40.Qg8 Rxd2 41.Qxg7+ Bf7 42.Qf6+ Ke8
43.Nxd2 Qe6 44.Qh8+ Ke7 45.Nf3 Qf6 46.Qa8 Qa1 47.Qe4+ Kd6 48.f5 a4 49.Qf4+ Ke7
50.Ne5 Qg1+ 51.Kh3 Qe3 52.f6+ Ke6 53.Qc4+ Kxf6 54.Nxf7 Qe6+ 55.Qxe6+ Kxe6
56.Nd8+ Kd6 57.Nc6 Kc5 58.Ne5 Kd4 59.Nc6+ Kc5  1/2-1/2

[Event "Porz"]
[Site "Porz"]
[Date "1981.??.??"]
[Round "?"]
[White "Ostermeyer, Peter"]
[Black "Gerusel, Mathias"]
[Result "1-0"]
[WhiteElo "2415"]
[BlackElo "2380"]

1.Nf3 Nf6 2.d4 e6 3.c4 Bb4+ 4.Bd2 Qe7 5.a3 Bxd2+ 6.Qxd2 a5 7.Nc3 d5 8.cxd5 Nxd5
9.e4 Nxc3 10.Qxc3 O-O 11.Rc1 c6 12.Be2 b6 13.O-O Bb7 14.Ne5 Rc8 15.Qb3 Qc7
16.f4 a4 17.Qg3 Nd7 18.d5 exd5 19.Nxd7 Qxd7 20.Bg4 Qd8 21.Bxc8 Rxc8 22.exd5 cxd5
23.Rxc8 Qxc8 24.Qe3 h6 25.Qxb6 Ba6 26.Re1 Bc4 27.h3 Bb3 28.Qd4 Qd7 29.Re3 Bc4
30.Rg3 g6 31.Re3 Kh7 32.Qf6 Qa7 33.Qe7  1-0

[Event "Porz"]
[Site "Porz"]
[Date "1981.??.??"]
[Round "?"]
[White "Giorgadze, Tamaz"]
[Black "Knezevic, Milorad"]
[Result "1/2-1/2"]
[WhiteElo "2515"]
[BlackElo "2460"]

1.d4 Nf6 2.c4 e6 3.Nf3 Bb4+ 4.Bd2 Qe7 5.g3 Nc6 6.Bg2 Bxd2+ 7.Nbxd2 d6 8.O-O a5
9.Rc1 O-O 10.c5 e5 11.cxd6 cxd6 12.e3 e4 13.Ne1 d5 14.a3  1/2-1/2

[Event "Riga"]
[Site "Riga"]
[Date "1981.??.??"]
[Round "12"]
[White "Romanishin, Oleg M"]
[Black "Gipslis, Aivars"]
[Result "1/2-1/2"]
[WhiteElo "2590"]
[BlackElo "2490"]

1.d4 Nf6 2.c4 e6 3.Nf3 Bb4+ 4.Bd2 Qe7 5.g3 Bxd2+ 6.Qxd2 d6 7.Bg2 e5 8.Nc3 O-O
9.O-O Re8 10.e4 Bg4 11.dxe5 dxe5 12.Nd5 Qd8 13.Nxe5 Rxe5 14.Qf4 Nxd5 15.Qxe5 Ne7
16.Qg5 Be6 17.Rfd1 Nd7 18.Rd2 c5 19.e5  1/2-1/2

[Event "Rostock"]
[Site "Rostock"]
[Date "1981.??.??"]
[Round "1"]
[White "Malich, Burkhard"]
[Black "Paehtz, Thomas Sr"]
[Result "1/2-1/2"]
[WhiteElo "2450"]
[BlackElo "2360"]

1.Nf3 Nf6 2.c4 e6 3.d4 Bb4+ 4.Bd2 Qe7 5.g3 Bxd2+ 6.Qxd2 d5 7.Bg2 O-O 8.O-O dxc4
9.Na3 Rd8 10.Qc2 c5 11.dxc5 Qxc5 12.Rfd1 Rxd1+ 13.Rxd1 Bd7 14.Qxc4 Na6 15.Qxc5 Nxc5
16.Ne5 Be8 17.Rc1 Nce4 18.Rc4 Nd6 19.Rd4 Nf5 20.Rd2 Rb8 21.Nac4 b6 22.Nc6 Rc8
23.N4e5 Kf8 24.b4 b5 25.Bf3 Ne7 26.Nxe7 Rc1+ 27.Kg2 Kxe7 28.Rd3 Rb1 29.Ra3 Rxb4
30.Rxa7+ Kf8 31.Bc6 Ra4 32.Rb7 Bxc6+ 33.Nxc6 Rxa2 34.Rb8+ Ne8 35.Kf3 Ra3+  1/2-1/2

[Event "Sarajevo"]
[Site "Sarajevo"]
[Date "1981.??.??"]
[Round "8"]
[White "Lukacs, Peter"]
[Black "Drasko, Milan"]
[Result "0-1"]
[WhiteElo "2465"]
[BlackElo "2240"]

1.d4 Nf6 2.c4 e6 3.Nf3 Bb4+ 4.Bd2 Qe7 5.g3 Nc6 6.Nc3 Bxc3 7.Bxc3 Ne4 8.Rc1 O-O
9.Bg2 d6 10.d5 Nd8 11.dxe6 Nxe6 12.O-O Nxc3 13.Rxc3 Qf6 14.Qd2 Bd7 15.e4 Bc6
16.Re1 Rfe8 17.b4 Red8 18.Rd3 a6 19.h4 h6 20.Nh2 Nf8 21.f4 Re8 22.Qc2 Rab8
23.Rdd1 Qg6 24.Re3 Qe6 25.Rde1 Qd7 26.Nf3 Ne6 27.Qc3 b5 28.c5 Bb7 29.Rd1 Rec8
30.e5 Nf8 31.exd6 cxd6 32.Ne5 Qf5 33.Rxd6 Bxg2 34.Kxg2 a5 35.a3 axb4 36.axb4 Ra8
37.Re2 Qb1 38.Nf3 Ra4 39.Rb2 Qa1 40.Qc2 Re8 41.Rd1 Qa3 42.Rb3 Re2+ 43.Qxe2 Qxb3
44.c6 Qc3 45.Rd8 Ra3 46.c7 Qxc7 47.Qe8 Kh7 48.Qxf8 Qc6 49.Qg8+ Kg6 50.h5+ Kf6
51.Kh3 Rxf3 52.Qf8 Qe6+ 53.Kh4 Rf1  0-1

[Event "Sarajevo"]
[Site "Sarajevo"]
[Date "1981.??.??"]
[Round "13"]
[White "Kelecevic, Nedeljko"]
[Black "Knezevic, Milorad"]
[Result "1/2-1/2"]
[WhiteElo "2400"]
[BlackElo "2455"]

1.d4 Nf6 2.Nf3 e6 3.c4 Bb4+ 4.Bd2 Qe7 5.g3 Nc6 6.Nc3 Bxc3 7.Bxc3 Ne4 8.Rc1 Nxc3
9.Rxc3 O-O 10.Bg2 d6 11.O-O e5 12.dxe5 dxe5 13.Qd2 f6 14.e3 Be6  1/2-1/2

[Event "Tirnava"]
[Site "Trnava"]
[Date "1981.??.??"]
[Round "13"]
[White "Pribyl, Josef"]
[Black "Banas, Jan"]
[Result "1/2-1/2"]
[WhiteElo "2435"]
[BlackElo "2375"]

1.d4 Nf6 2.c4 e6 3.Nf3 Bb4+ 4.Bd2 Qe7 5.Nc3 b6 6.e3 Bb7 7.Bd3 Bxc3 8.Bxc3 Ne4
9.Rc1 d6 10.b4 Nxc3 11.Rxc3 O-O 12.O-O Nd7 13.e4 c5 14.d5 a5 15.a3 axb4 16.axb4 Ra7
17.Ne1 Rfa8 18.Nc2 Bc8  1/2-1/2

[Event "Vrsac"]
[Site "Vrsac"]
[Date "1981.??.??"]
[Round "3"]
[White "Chandler, Murray G"]
[Black "Kurajica, Bojan"]
[Result "1/2-1/2"]
[WhiteElo "2530"]
[BlackElo "2500"]

1.d4 Nf6 2.c4 e6 3.Nf3 Bb4+ 4.Bd2 a5 5.g3 b6 6.Bg2 Bb7 7.O-O Bxd2 8.Qxd2 O-O
9.Nc3 Ne4 10.Nxe4 Bxe4 11.Qf4 f5 12.Rfd1 Nc6 13.Rac1 Re8 14.Bf1 Bxf3 15.Qxf3 Qf6
16.d5 Ne5 17.Qc3 f4 18.dxe6 Rxe6 19.Bg2 c6 20.Qd4  1/2-1/2

[Event "Yerevan"]
[Site "Yerevan"]
[Date "1981.??.??"]
[Round "2"]
[White "Itkis, Boris"]
[Black "Muratov, Vladimir A"]
[Result "1/2-1/2"]
[WhiteElo "2275"]
[BlackElo "2415"]

1.d4 Nf6 2.c4 e6 3.Nf3 Bb4+ 4.Bd2 Qe7 5.g3 O-O 6.Bg2 Nc6 7.O-O Bxd2 8.Qxd2 d5
9.b3 Rd8 10.Qb2 Bd7 11.Nbd2 Be8 12.Rad1 a5 13.a3 a4 14.b4 Rab8 15.e3 Na7
16.Ne5 Nd7 17.Nxd7 Rxd7 18.Rc1 c6 19.Rfe1 Nc8 20.c5 Qd8 21.e4 Ne7 22.exd5 exd5
23.Qc2 Ra8 24.Nb1 b5 25.cxb6 Qxb6 26.Qd3 Ng6 27.Nd2 Rdd8 28.Bh3 Nf8 29.Nf3 Bd7
30.Bxd7 Rxd7 31.Ne5 Rd6 32.Rc2 g6 33.Rec1 Qb5 34.Qf3 Ra7 35.Rc5 Qb6 36.Nxc6 Ra6
37.Ne7+ Kg7 38.Nc8 Rf6 39.Qxd5 Qb8 40.b5 Rae6 41.Rc7 Rf5 42.Qc4 Ref6 43.d5 Rxf2
44.b6 Qa8 45.Ra7 Qb8 46.Qc7 Nd7 47.d6 Rd2 48.Qxd7 Rff2 49.Qc6 Qxc8  1/2-1/2

[Event "Yerevan"]
[Site "Yerevan"]
[Date "1981.??.??"]
[Round "10"]
[White "Tavadian, Ragik"]
[Black "Muratov, Vladimir A"]
[Result "0-1"]
[WhiteElo "2200"]
[BlackElo "2415"]

1.d4 Nf6 2.c4 e6 3.Nf3 Bb4+ 4.Bd2 Qe7 5.g3 O-O 6.Bg2 Bxd2+ 7.Nbxd2 d6 8.O-O e5
9.e4 c5 10.d5 Ne8 11.Ne1 Nc7 12.Nd3 a5 13.f4 Nd7 14.Qe2 f6 15.a4 Na6 16.f5 Nb4
17.Ne1 Rf7 18.g4 g5 19.fxg6 hxg6 20.g5 f5 21.h4 Nf8 22.Bh3 Bd7 23.Ra3 f4
24.Kg2 Rh7 25.Bxd7 Qxd7 26.Rh1 Re8 27.Qd1 Ree7 28.Rah3 Reg7 29.Kf3 Rh5 30.b3 Rgh7
31.R3h2 Rh8 32.Qe2 Kf7 33.Nb1 Ke7 34.Nc3 Qc8 35.Qg2 Qd8 36.Nb5 Qb6 37.Qg4 Nc6
38.Nd3 Nd4+ 39.Nxd4 cxd4 40.Rg1 Qc7 41.Rc1 b6 42.b4 axb4 43.Nxb4 Qc5 44.Rb1 d3
45.Nc6+ Kf7 46.a5 Qe3+ 47.Kg2 Qxe4+ 48.Kg1 Kg8 49.a6 d2 50.Rf1 Qe1 51.a7 Rxh4
52.Rxh4 Rxh4 53.Qg2 d1=Q 54.a8=Q  0-1

[Event "FRG-ch"]
[Site "Bad Neuenahr"]
[Date "1982.??.??"]
[Round "?"]
[White "Lau, Ralf"]
[Black "Ostermeyer, Peter"]
[Result "1-0"]
[WhiteElo "2415"]
[BlackElo "2410"]

1.d4 Nf6 2.c4 e6 3.Nf3 Bb4+ 4.Bd2 Qe7 5.g3 b6 6.Bg2 Bb7 7.O-O Bxd2 8.Qxd2 O-O
9.Nc3 d6 10.Rfe1 c5 11.e4 Rd8 12.Rad1 cxd4 13.Nxd4 Nc6 14.Nd5 Nxd5 15.Nxc6 Bxc6
16.exd5 Bb7 17.dxe6 Bxg2 18.exf7+ Qxf7 19.Kxg2 Qxc4 20.Re7 Re8 21.Qxd6 Qxa2
22.Ra1 Qc4 23.Raxa7 Rxe7 24.Rxe7 b5 25.Qd7 Kh8 26.Re8+ Rxe8 27.Qxe8+ Qg8
28.Qxg8+ Kxg8 29.Kf3 Kf7 30.Ke4 Ke6 31.Kd4 Kd6 32.b4  1-0

[Event "Baile Herculane zt"]
[Site "Baile Herculane"]
[Date "1982.??.??"]
[Round "17"]
[White "Meduna, Eduard"]
[Black "Spiridonov, Nikola"]
[Result "0-1"]
[WhiteElo "2490"]
[BlackElo "2440"]

1.d4 Nf6 2.c4 e6 3.Nf3 Bb4+ 4.Bd2 c5 5.Bxb4 cxb4 6.e3 O-O 7.Be2 d6 8.O-O Nc6
9.a3 bxa3 10.Rxa3 e5 11.Nc3 Bg4 12.h3 Bh5 13.Qd2 Qb6 14.Nd5 Nxd5 15.cxd5 Bxf3
16.Bxf3 Nb4 17.dxe5 dxe5 18.d6 Rad8 19.Rd1 Rd7 20.Rc3 a5 21.Rc4 g6 22.Qc3 Rxd6
23.Rxd6 Qxd6 24.Rc5 b6 25.Rxe5 Na2 26.Qd4 Qxd4 27.exd4 Rd8 28.d5 Nb4 29.Re7 Rd6
30.Re2 Kf8 31.h4 h5 32.g3 Rd7 33.Re1 Nxd5 34.Rd1 Nf6 35.Rc1 Rd2 36.Rb1 Rd3
37.Bd1 Rd2 38.Bf3 Ng4 39.b4 Ne5 40.Bg2 a4 41.Ra1 b5 42.Bf1 Nf3+ 43.Kg2 Nd4
44.Rc1 a3 45.Rc8+ Kg7  0-1